000 00632nam a2200217 i 4500
001 C2-0281211
003 PPAK
005 20180728011854.0
008 070807s2005 my a|||| ||||| | may d
040 _aPPAK
_beng
_cPPAK
_erda
082 0 4 _a334
_223
090 0 0 _a334
_bWAW
_dKK
245 0 0 _aWAWASAN - Jabatan Pembangunan Koperasi
_bbil: 1/2005
264 1 _aKuala Lumpur :
_bJabatan Pembangunan Koperasi ,
_c2005
300 _a52 pages :
_bcolour illustrations ;
_c30 cm
336 _2rdacontent
_atext
337 _2rdamedia
_aunmediated
338 _2rdacarrier
_avolume
650 1 0 _aCooperative societies
942 _ddc
_cB
999 _c87585
_d87585